This beautiful India: Union territories (Record no. 33669)

MARC details
000 -LEADER
fixed length control field 00296nam a2200109Ia 4500
082 ## - DEWEY DECIMAL CLASSIFICATION NUMBER
Classification number 908(540)
Item number SUK
100 ## - MAIN ENTRY--AUTHOR NAME
Personal name Sukhdev Singh Chib
245 #0 - TITLE STATEMENT
Title This beautiful India: Union territories
260 ## - PUBLICATION, DISTRIBUTION, ETC. (IMPRINT)
Place of publication New Delhi
Name of publisher Light and Life
Year of publication 1977
942 ## - ADDED ENTRY ELEMENTS (KOHA)
Koha item type Books
Holdings
Withdrawn status Lost status Damaged status Not for loan Home library Current library Date acquired Cost, normal purchase price Full call number Accession Number Koha item type
        RRII Library RRII Library 16/12/2021 50.00 908(540) SUK 14117 Books